000 00734nam a22002297a 4500
003 UA-OsUOA
001 134108
007 ta
008 20181120b un ||||| |||| 00| 0 ukr d
100 _aЄрфорт О. Ю.
700 _aЄрфорт І. Ю.
090 _a330(477)
_bЕ99
942 _cSA
040 _aUA-OsUOA
_bukr
_cUA-OsUOA
_dUA-OsUOA
245 _aОцінка структури джерел фінансування вищої освіти в контексті соціальної справедливості
300 _aС.44-54
955 _a0
041 _aukr
080 _a330(477)
773 0 _w134105
_tФінанси України
_dК.
_d2018
_g10
650 7 _a330 Економіка взагалі
_2UDC
999 _c422991
_d422991